APPLIED STATISTICS IN BUSINESS AND ECONOMICS (Record no. 216501)

MARC details
000 -LEADER
fixed length control field 00564nam a22001817a 4500
008 - FIXED-LENGTH DATA ELEMENTS--GENERAL INFORMATION
fixed length control field 260129b |||||||| |||| 00| 0 eng d
020 ## - INTERNATIONAL STANDARD BOOK NUMBER
International Standard Book Number 978-0-07-313768-1
100 ## - MAIN ENTRY--PERSONAL NAME
Personal name DOANE, DAVID P.
245 ## - TITLE STATEMENT
Title APPLIED STATISTICS IN BUSINESS AND ECONOMICS
250 ## - EDITION STATEMENT
Edition statement 2ND ED
260 ## - PUBLICATION, DISTRIBUTION, ETC.
Place of publication, distribution, etc. NEW YORK
Name of publisher, distributor, etc. MCGRAW -HILL
Date of publication, distribution, etc. 2009
300 ## - PHYSICAL DESCRIPTION
Extent XV, 834P.
500 ## - GENERAL NOTE
General note INCLUDES INDEX
650 ## - SUBJECT ADDED ENTRY
Topical term or geographic name entry element 1. COMMERCIAL STATISTICS 2. MAQNAGEMENT -STATISTICAL METHODS 3. ECONOMICS -STATISTICAL METHODS
700 ## - ADDED ENTRY--PERSONAL NAME
Personal name SEWARD, LORI E.
942 ## - ADDED ENTRY ELEMENTS (KOHA)
Source of classification or shelving scheme Library of Congress Classification
Koha item type Long Loan Book
Holdings
Withdrawn status Lost status Source of classification or shelving scheme Damaged status Not for loan Collection Home library Current library Shelving location Date acquired Inventory number Total checkouts Full call number Barcode Date last seen Copy number Price effective from Koha item type
    Library of Congress Classification     Business & Economics Kisii University Library Kisii University Library On Display 01/29/2026 50088   HF 1017 .D63 2009 002903 01/29/2026 C.1 01/29/2026 Long Loan Book